00988nam a22002777a 4500003000400000005001700004008004100021040000700062100002700069245003400096260003000130300001900160500003700179505008600216650003300302650003000335650003400365650002700399650003900426650001800465653002600483710006500509942002900574999001500603952009200618OSt20191029062658.0180220b xxu||||| |||| 00| 0 spa d cPJ 92089aLapa, Eduardo L.13aEl remate /cEduardo L. Lapa. aLa Plata :cFides,b1975. a149 p.c23 cm. aNotas y citas a pie de página. aContenido: Análisis del decreto-ley 20.266/73 y el procedimiento de la subasta. 091148aDERECHO PROCESAL CIVIL 091953aPROCEDIMIENTO CIVIL 092020aPROCESOS DE EJECUCIÓN 092021aJUICIO EJECUTIVO 0aSENTENCIA DE TRANCE Y REMATE92032 092033aSUBASTA aDECRETO LEY 20.266/73 92094aArgentina. Leyes, decretos, etc. Decreto Ley 20.266/73 2udccLIBh347.952.1iLAP c1390d1390 00102udc4070aDJSbDJSd2018-09-07o347.952.1 LAPp0397r2018-09-07w2018-09-07yLIB